| 000 | 00515cam a2200193 4500 | ||
|---|---|---|---|
| 001 | D2130 | ||
| 008 | 090401t1974 xxu||||| |||| 00| 0 eng d | ||
| 035 | _a(Sirsi) u67558 | ||
| 041 | _aeng | ||
| 050 | _a333.77094 | ||
| 110 |
_aC.A.L.U.S. _91849 |
||
| 245 | _aUrban development in France and Germany | ||
| 260 |
_aReading _bCollege of Estate Management _c1974 |
||
| 300 | _a114p. 21cm | ||
| 350 | _a1.8 | ||
| 490 |
_aProperty Studies in the United Kingdom and Overseas _v2 |
||
| 942 | _n0 | ||
| 948 | _c04/03/1997 | ||
| 999 |
_c95028 _d95028 |
||